| 000 | 00436nam a2200145Ia 4500 | ||
|---|---|---|---|
| 008 | 220204s9999 xx 000 0 und d | ||
| 082 |
_a347 _bCHA.2;1 |
||
| 100 | _aLakhi Singh Chaudhuri K | ||
| 245 | 0 | _aChaudri's compilation of the civil service regulations. V 2. Pt 1 and II | |
| 250 | _aEd.11 | ||
| 260 |
_aHoshiarpur _bS Lakhi Singh Chaudhuri _c1979 |
||
| 650 | _aCivil service regulation | ||
| 700 | _aSatya Chaudri | ||
| 942 | _cBK | ||
| 999 |
_c44989 _d44989 |
||